|
|
|
|
| LEADER |
00000cam a2200000 7i4500 |
| 001 |
0000003441 |
| 005 |
20060321.0 |
| 020 |
0 |
0 |
|a 983926933x
|
| 090 |
0 |
0 |
|a JPSM 634.95595
|b POH
|
| 100 |
1 |
0 |
|a Poh, Lye Yong
|
| 245 |
1 |
0 |
|a Generating Profits from Forests :
|b An analysis of forest revenue system in Terrengganu, Peninsular Malaysia
|c Poh Lye Yong and Alexander Hinrichs
|
| 260 |
0 |
0 |
|a Kuala Lumpur :
|b Forestry Department Peninsular Malaysia ,
|c 2005
|
| 300 |
|
|
|a viii, 67 p. :
|b ill. ;
|c 30 cm.
|
| 650 |
0 |
0 |
|a Forest economics
|z Terengganu
|z Malaysia
|
| 650 |
0 |
0 |
|a Forest lands
|z Terengganu
|z Malaysia
|
| 650 |
0 |
0 |
|a Forest products
|z Terengganu
|z Malaysia
|
| 700 |
1 |
1 |
|a Hinrichs, Alexander
|
| 700 |
1 |
1 |
|a Poh Lye Yong
|
| 710 |
2 |
1 |
|a Forestry Department Peninsular Malaysia
|
| 710 |
2 |
1 |
|a Jabatan Perhutanan Semenanjung Malaysia
|
| 999 |
|
|
|a 0000006222
|b Monograph
|c Open Shelf
|e Default branch
|
| 999 |
|
|
|a 0000006223
|b Monograph
|c Open Shelf
|e Default branch
|
| 999 |
|
|
|a 0000006224
|b Monograph
|c Open Shelf
|e Default branch
|
| 999 |
|
|
|a 0000006225
|b Monograph
|c Open Shelf
|e Default branch
|
| 999 |
|
|
|a 0000006226
|b Monograph
|c Open Shelf
|e Default branch
|